| 000 | 00517nam a22002057a 4500 | ||
|---|---|---|---|
| 080 | _a340.12 G 286 | ||
| 245 | _aGenesis y desarrollo del Voluntarismo Jurìdico | ||
| 260 |
_aBuenos Aires _bGhersi _c1978 |
||
| 300 | _a84 P. | ||
| 490 | _aPequeña Biblioteca de Filosofìa del Derecho | ||
| 650 | _xfilosofìa del derecho | ||
| 650 | _xSuàrez | ||
| 650 | _xGrotius | ||
| 650 | _xHobbes | ||
| 650 | _xPufendorf | ||
| 650 | _xRousseau | ||
| 650 | _xcontrato social | ||
| 945 |
_acd _d2015-08-21 |
||
| 999 |
_c4117 _d234621 |
||
| 942 | _6_ | ||